00321nam a2200133Ia 4500008004100000020001500041041001200056082001600068100001900084245004400103260002500147300000800172650000700180221030s9999 xx 000 0 und d a8120309715 aEnglish a105.23bHue aL. P. Huelsman 0aBasic Circuit Theorycby L. P. Huelsman bPHIaNew Delhic2006 a756 aEE